[Event "8th EUR-ch (w)"]
[Site "Dresden GER"]
[Date "2007.04.07"]
[Round "5"]
[White "Velikhanli, Firuza"]
[Black "Rudolph, Anna"]
[Result "0-1"]
[WhiteElo "2310"]
[BlackElo "2202"]
[EventDate "2007.04.03"]
[PlyCount "62"]

1.e4 c5 2.Nf3 d6 3.c3 Nf6 4.h3 g6 5.Bd3 Bg7 6.Bc2 e5 7.d4 exd4 8.cxd4 O-O 
9.O-O Nc6 10.a3 cxd4 11.Nxd4 Nxd4 12.Qxd4 Re8 13.Qa4 Bd7 14.Qb4 Bc6 15.Nc3
d5 16.Rd1 Qc7 17.exd5 Nxd5 18.Nxd5 Bxd5 19.Ba4 Re4 20.Qd2 Rd8 21.Bc2 Rd4 
22.Qe2 Rxd1+ 23.Bxd1 Qc6 24.Bg5 Re8 25.Qg4 Re4 26.Qg3 Be5 27.f4 Bd4+ 28.
Kh2 Re3 29.Qh4 Bxg2 30.Bg4 Qc2 31.Bd1 Qxb2 0-1

[Event "8th EUR-ch (w)"]
[Site "Dresden GER"]
[Date "2007.04.07"]
[Round "5"]
[White "Meshcheriakova, Evgenia"]
[Black "Norinkeviciute, Rasa"]
[Result "1-0"]
[WhiteElo "2309"]
[BlackElo "2048"]
[EventDate "2007.04.03"]
[PlyCount "209"]

1.e4 g6 2.d4 Bg7 3.Nc3 d6 4.Be3 a6 5.Qd2 b5 6.h4 h5 7.Nh3 e6 8.Be2 Bb7 9.
Ng5 Nd7 10.f3 Ngf6 11.a3 Qe7 12.a4 b4 13.Nd1 a5 14.Nf2 Rc8 15.O-O O-O 16.
Rad1 Rfd8 17.Ngh3 c5 18.dxc5 Nxc5 19.Bg5 Qc7 20.b3 Rd7 21.Nd3 Nxd3 22.Bxd3
d5 23.exd5 Nxd5 24.Bb5 Bc6 25.Bd3 Bb7 26.Nf2 Nc3 27.Rde1 Qb6 28.Qf4 Qd6 
29.Qxd6 Rxd6 30.Bf4 Rd7 31.Be5 Bxe5 32.Rxe5 Rd5 33.Rfe1 Rcd8 34.Kh2 Kg7 
35.Kg3 Kf6 36.R5e3 Kg7 37.Nh3 R5d6 38.Re5 Nd5 39.Ng5 Rc8 40.Ne4 Rdc6 41.
Nd2 Rc5 42.Ne4 R5c6 43.Nd2 Rc5 44.Nc4 R8c7 45.Nd6 Rd7 46.Ne8+ Kf8 47.Nf6 
Rdc7 48.Ne4 R5c6 49.Nd2 Rc5 50.Kf2 Nf6 51.Nc4 Nd7 52.R5e2 Ba6 53.g4 Nf6 
54.Kg3 Bb7 55.Rc1 Rd5 56.Rce1 Rdc5 57.Re5 Nd7 58.Rg5 Rxg5 59.hxg5 hxg4 60.
Kxg4 Rc5 61.f4 Ke7 62.Re2 Bd5 63.Rh2 Bxc4 64.Bxc4 Nb6 65.Bd3 Nd5 66.Kf3 
Nc7 67.Rh7 Kf8 68.Rh8+ Ke7 69.Ke4 Ne8 70.Kd4 Rd5+ 71.Ke3 Rc5 72.Bc4 Nd6 
73.Bd3 Ne8 74.Rh7 Kf8 75.Rh1 Ke7 76.Rc1 Nc7 77.Kd4 Rd5+ 78.Ke4 Rc5 79.Bc4 
Ne8 80.Bd3 Rc3 81.Kd4 Nd6 82.Re1 Nb7 83.Re5 Nd8 84.Be4 Nc6+ 85.Bxc6 Rxc6 
86.Rxa5 Rxc2 87.Ra7+ Kd6 88.Rb7 Rd2+ 89.Ke3 Rg2 90.Rxb4 e5 91.fxe5+ Kxe5 
92.Rb5+ Kd6 93.a5 Ra2 94.Rb6+ Kc5 95.b4+ Kd5 96.a6 Ra3+ 97.Kd2 Kd4 98.b5 
Ra2+ 99.Kc1 Kc3 100.Kd1 Kd3 101.Ke1 Ke3 102.Kf1 Kf3 103.Rf6+ Kg4 104.Rxf7 
Kxg5 105.a7 1-0

[Event "8th EUR-ch (w)"]
[Site "Dresden GER"]
[Date "2007.04.07"]
[Round "5"]
[White "Kopinits, Anna-Christina"]
[Black "Pokorna, Regina"]
[Result "0-1"]
[WhiteElo "2198"]
[BlackElo "2343"]
[EventDate "2007.04.03"]
[PlyCount "128"]

1.d4 Nf6 2.c4 e6 3.Nf3 b6 4.e3 Bb7 5.Bd3 Be7 6.O-O O-O 7.Nc3 d5 8.cxd5 
exd5 9.b3 c5 10.Bb2 Nbd7 11.Rc1 Bd6 12.dxc5 bxc5 13.Ne2 Re8 14.Ng3 Qb6 15.
Rc2 a5 16.a4 Bxg3 17.hxg3 Bc6 18.Rd2 Rab8 19.Bc2 Qb4 20.Qa1 Ne4 21.Rd3 c4 
22.Ba3 Qb7 23.bxc4 dxc4 24.Rd4 Nef6 25.Rxc4 Bxf3 26.gxf3 Qxf3 27.Qd1 Qb7 
28.Qd6 Ne5 29.Rc7 Qa8 30.Rc1 Rbd8 31.Qc5 Nf3+ 32.Kf1 Nd4 33.e4 Ne6 34.Ra7 
Nxc5 35.Rxa8 Rxa8 36.Bxc5 Rac8 37.Bd3 Nxe4 38.Be3 Rxc1+ 39.Bxc1 Nc3 40.Bd2
Rc8 41.Bf5 Rc7 42.Bg4 g6 43.Kg2 Rc5 44.Bd7 Rd5 45.Bxc3 Rxd7 46.Bxa5 Ra7 
47.Bb6 Rxa4 48.Kf1 Ra2 49.g4 Ra4 50.f3 Ra2 51.Kg1 f6 52.Kf1 Kf7 53.Kg1 Ke6
54.Kf1 f5 55.gxf5+ Kxf5 56.Bc7 h5 57.Kg1 g5 58.Bd6 g4 59.fxg4+ hxg4 60.Bc7
Ke4 61.Bb6 Kf3 62.Kh1 g3 63.Bc5 Rh2+ 64.Kg1 Rc2 0-1

[Event "8th EUR-ch (w)"]
[Site "Dresden GER"]
[Date "2007.04.07"]
[Round "5"]
[White "Calzetta Ruiz, Monica"]
[Black "Padurariu, Ioana-Smaranda"]
[Result "1/2-1/2"]
[WhiteElo "2340"]
[BlackElo "2223"]
[EventDate "2007.04.03"]
[PlyCount "120"]

1.e4 e6 2.d4 d5 3.Nd2 c5 4.Ngf3 Nf6 5.exd5 Nxd5 6.Nb3 Nd7 7.g3 Be7 8.dxc5 
Nxc5 9.Bg2 Nxb3 10.axb3 Bf6 11.O-O O-O 12.Qe2 Bd7 13.Re1 Qc8 14.c4 Nb6 15.
Be3 Bc6 16.Ra5 Nd7 17.Rh5 g6 18.Rh3 Rd8 19.g4 Nf8 20.Ra1 b6 21.g5 Bg7 22.
Bf4 e5 23.Nxe5 Bxg2 24.Kxg2 Qf5 25.Qg4 Ne6 26.Bg3 Qxg4 27.Nxg4 Nxg5 28.Rh4
Bxb2 29.Ra2 Bg7 30.Ne3 f5 31.Nd5 Ne6 32.Bc7 Re8 33.Rh3 g5 34.b4 Rac8 35.
Rxa7 Nxc7 36.Rxc7 Rxc7 37.Nxc7 Rc8 38.Nd5 Rxc4 39.Rb3 b5 40.Ne7+ Kf7 41.
Nxf5 Bf8 42.Rf3 Rxb4 43.Nd4+ Kg8 44.Rf5 Rxd4 45.Rxg5+ Kf7 46.Rxb5 Kg6 47.
h3 h5 48.Rb3 Bd6 49.Rf3 Bf4 50.Rb3 Kf5 51.Rb5+ Be5 52.Rb3 Rd8 53.Ra3 Rg8+ 
54.Kf3 Rg1 55.Rb3 Bd6 56.Rc3 Ra1 57.Rb3 Ra2 58.Kg2 Bc5 59.Rf3+ Kg5 60.Rb3 
Kf5 1/2-1/2

[Event "8th EUR-ch (w)"]
[Site "Dresden GER"]
[Date "2007.04.07"]
[Round "5"]
[White "Klinova, Masha"]
[Black "Vovinkina, Natalia"]
[Result "1-0"]
[WhiteElo "2330"]
[BlackElo "2202"]
[EventDate "2007.04.03"]
[PlyCount "99"]

1.e4 c5 2.Nf3 Qa5 3.Nc3 g6 4.Bc4 Bg7 5.O-O Nc6 6.d3 d6 7.Bd2 Nf6 8.h3 O-O 
9.a4 Qd8 10.Nh2 e6 11.Ba2 d5 12.Bg5 h6 13.Bh4 g5 14.Bg3 d4 15.Ne2 e5 16.
Nf3 Qe7 17.Nd2 Rd8 18.Bh2 Ne8 19.Ng3 Nd6 20.Nc4 Be6 21.Nxd6 Qxd6 22.Nf5 
Bxf5 23.exf5 Nb4 24.Bb3 Nd5 25.Qf3 b6 26.Rfe1 f6 27.a5 b5 28.c4 bxc4 29.
Bxc4 Rab8 30.Re2 Kf8 31.h4 Qd7 32.Rc1 Rbc8 33.hxg5 hxg5 34.g4 Ke8 35.Bg3 
Kf8 36.Qh1 Qc6 37.Qh7 Qe8 38.Kg2 Qf7 39.Rec2 Qb7 40.Kf1 Rc7 41.a6 Qc8 42.
b4 Rdd7 43.bxc5 Rxc5 44.Rb1 Qe8 45.Rcb2 Qf7 46.Rb8+ Ke7 47.R1b7 Kd6 48.
Rxd7+ Qxd7 49.Qg8 Kc6 50.Rd8 1-0

[Event "8th EUR-ch (w)"]
[Site "Dresden GER"]
[Date "2007.04.07"]
[Round "5"]
[White "Levushkina, Elena"]
[Black "Smochina, Carolina"]
[Result "1/2-1/2"]
[WhiteElo "2327"]
[BlackElo "2192"]
[EventDate "2007.04.03"]
[PlyCount "89"]

1.e4 e5 2.Nf3 Nc6 3.Bb5 a6 4.Ba4 Nf6 5.O-O Bc5 6.c3 b5 7.Bc2 d6 8.d4 Bb6 
9.a4 Bg4 10.d5 Ne7 11.axb5 axb5 12.Rxa8 Qxa8 13.Na3 Bd7 14.Bd3 O-O 15.Bg5 
Ng6 16.Bxf6 gxf6 17.Bxb5 Bxb5 18.Nxb5 Qc8 19.Ne1 f5 20.exf5 Qxf5 21.Qf3 
Qd7 22.Na3 f5 23.Nec2 Kh8 24.Nc4 f4 25.Nxb6 cxb6 26.Re1 Nh4 27.Qh5 Qd8 28.
Kh1 Qf6 29.f3 Nf5 30.Ra1 Qg7 31.Ne1 Ne3 32.Qh4 Nxd5 33.Rd1 Ne3 34.Ra1 d5 
35.Qf2 Qg6 36.Qd2 Qh5 37.Nc2 Nxc2 38.Qxc2 Rg8 39.Qd2 Qg5 40.Re1 h5 41.Qe2 
Rg7 42.Rd1 Rd7 43.Ra1 Re7 44.Qb5 Rg7 45.Qe2 1/2-1/2

[Event "8th EUR-ch (w)"]
[Site "Dresden GER"]
[Date "2007.04.07"]
[Round "5"]
[White "Winkelmann, Elena"]
[Black "Schuurman, Petra"]
[Result "0-1"]
[WhiteElo "2114"]
[BlackElo "2295"]
[EventDate "2007.04.03"]
[PlyCount "206"]

1.d4 Nf6 2.c4 e6 3.Nf3 b6 4.a3 Bb7 5.Nc3 d5 6.cxd5 Nxd5 7.e3 g6 8.Bd2 Bg7 
9.Rc1 O-O 10.Be2 Nd7 11.O-O c5 12.Nxd5 Bxd5 13.Bc3 Rc8 14.Bb5 cxd4 15.exd4
Bh6 16.Ra1 a5 17.Bxd7 Qxd7 18.Ne5 Qb7 19.f3 Rfd8 20.Re1 Qe7 21.Qd3 Qh4 22.
g3 Qe7 23.Qa6 Qc7 24.Qd3 Qb7 25.Kg2 Rc7 26.Rad1 Rdc8 27.Ng4 Bg7 28.Qe3 h5 
29.Ne5 Kh7 30.Rf1 Bh6 31.Qd3 Rg8 32.Qe2 Bb3 33.Rb1 Rgc8 34.Qe4 Bd5 35.Qd3 
Bg7 36.Qe3 Bh6 37.Qd3 Rg8 38.Qe2 f6 39.Nd3 Bc4 40.Rfd1 Ba2 41.Ra1 Bb3 42.
Re1 Bc4 43.Rad1 Rd8 44.Qe4 Bd5 45.Qe2 Bb3 46.Ra1 Bc4 47.Qd1 e5 48.Nf2 exd4
49.Bd2 Bg7 50.Bf4 Rcd7 51.Rc1 Bf7 52.Qd3 Kg8 53.Ne4 g5 54.Bd2 g4 55.Kg1 
Qd5 56.fxg4 hxg4 57.Rf1 f5 58.Ng5 Bg6 59.Rce1 Rd6 60.Bf4 Rc6 61.Rc1 Rdc8 
62.Rxc6 Rxc6 63.Re1 Bf6 64.h4 gxh3 65.Nxh3 Re6 66.Rc1 Rc6 67.Re1 Rc8 68.
Bg5 Bxg5 69.Nxg5 Re8 70.Rxe8+ Bxe8 71.Nh3 Bc6 72.Nf4 Qh1+ 73.Kf2 Qh2+ 74.
Kf1 Qh1+ 75.Kf2 Qe4 76.Qb3+ Kf8 77.Ng6+ Kg7 78.Nf4 Kf8 79.Ng6+ Kg7 80.Nf4 
Kf6 81.Qg8 Qc2+ 82.Ke1 Qc1+ 83.Kf2 Qxb2+ 84.Ne2 Bb5 85.Qh8+ Ke6 86.Qg8+ 
Kd6 87.Qb8+ Kd5 88.Qg8+ Kc5 89.Qc8+ Kd6 90.Qb8+ Kd5 91.Qg8+ Ke5 92.Qb8+ 
Ke4 93.Qf4+ Kd3 94.Qxf5+ Kd2 95.Nf4 d3 96.Qc8 Qd4+ 97.Kf1 Qc5 98.Qd8 Kc2 
99.Nxd3 Bxd3+ 100.Kg2 Be4+ 101.Kh2 Qh5+ 102.Kg1 Qh1+ 103.Kf2 Qf3+ 0-1

[Event "8th EUR-ch (w)"]
[Site "Dresden GER"]
[Date "2007.04.07"]
[Round "5"]
[White "Cherednichenko, Svetlana"]
[Black "Pertlova, Sona"]
[Result "1/2-1/2"]
[WhiteElo "2280"]
[BlackElo "2171"]
[EventDate "2007.04.03"]
[PlyCount "48"]

1.d4 c5 2.d5 Nf6 3.c4 e6 4.Nc3 exd5 5.cxd5 d6 6.e4 g6 7.Bd3 Bg7 8.h3 O-O 
9.Nf3 Bd7 10.Bf4 Re8 11.O-O b5 12.Nd2 c4 13.Bc2 b4 14.Ne2 c3 15.bxc3 bxc3 
16.Nc4 Nxe4 17.f3 Bb5 18.fxe4 Bxc4 19.Rf3 Bxe2 20.Qxe2 Nd7 21.Raf1 Rf8 22.
Kh1 Qe7 23.Qe3 Ne5 24.R3f2 Qc7 1/2-1/2

[Event "8th EUR-ch (w)"]
[Site "Dresden GER"]
[Date "2007.04.07"]
[Round "5"]
[White "Guramishvili, Sopiko"]
[Black "Tsoganova, Monika"]
[Result "1/2-1/2"]
[WhiteElo "2267"]
[BlackElo "2185"]
[EventDate "2007.04.03"]
[PlyCount "67"]

1.d4 d5 2.c4 c6 3.Nf3 Nf6 4.Qc2 g6 5.e3 Bg7 6.Bd3 O-O 7.O-O Nbd7 8.Nc3 a6 
9.cxd5 Nxd5 10.Nxd5 cxd5 11.Bd2 Nf6 12.Rfc1 Ne8 13.Qb3 a5 14.Rc5 e6 15.
Rac1 Nd6 16.Qa3 b6 17.Rc6 Ne4 18.Bxe4 dxe4 19.Rd6 Qe7 20.Ne5 Rd8 21.Rxd8+ 
Qxd8 22.Nc6 Qd7 23.Qb3 Qb7 24.Qc2 f5 25.b4 axb4 26.Bxb4 Bd7 27.a3 Bf6 28.
Ne5 Rc8 29.Qb2 Rxc1+ 30.Qxc1 Bxe5 31.dxe5 Qd5 32.Bd6 Bc6 33.Bc7 b5 34.g3 
1/2-1/2

[Event "8th EUR-ch (w)"]
[Site "Dresden GER"]
[Date "2007.04.07"]
[Round "5"]
[White "Foisor, Mihaela-Veronica"]
[Black "Kulovana, Eva"]
[Result "0-1"]
[WhiteElo "1980"]
[BlackElo "2267"]
[EventDate "2007.04.03"]
[PlyCount "72"]

1.d4 Nf6 2.c4 e6 3.Nc3 d5 4.cxd5 exd5 5.Bg5 Be7 6.e3 c6 7.Bd3 Bg4 8.Nge2 
Bh5 9.Qb3 Qb6 10.Qxb6 axb6 11.Nf4 Bg6 12.Nxg6 hxg6 13.Bf4 Nbd7 14.h3 b5 
15.Kd2 b4 16.Ne2 O-O 17.Rhc1 Ra7 18.b3 Rfa8 19.Rc2 Ra3 20.Rb2 Ne4+ 21.Bxe4
dxe4 22.f3 f5 23.Ng3 exf3 24.gxf3 c5 25.Ne2 Nb6 26.Bc7 Nd7 27.Bf4 Bf6 28.
Ke1 g5 29.Bd6 R3a6 30.Bh2 f4 31.Bg1 fxe3 32.Bxe3 Re8 33.Bg1 cxd4 34.Rd2 d3
35.Rxd3 Bxa1 36.Rxd7 Rxa2 0-1

[Event "8th EUR-ch (w)"]
[Site "Dresden GER"]
[Date "2007.04.07"]
[Round "5"]
[White "Karlovich, Anastazia"]
[Black "Isgandarova, Khayala"]
[Result "1/2-1/2"]
[WhiteElo "2266"]
[BlackElo "2155"]
[EventDate "2007.04.03"]
[PlyCount "48"]

1.e4 e6 2.d4 d5 3.Nc3 Nf6 4.Bg5 Be7 5.e5 Nfd7 6.h4 Bxg5 7.hxg5 Qxg5 8.Qd3 
g6 9.Nf3 Qe7 10.Qe3 Nc6 11.O-O-O Nb6 12.Rh6 Bd7 13.Be2 O-O-O 14.Rdh1 Na5 
15.Nd2 Be8 16.R1h4 Kb8 17.g3 a6 18.Ncb1 Qd7 19.Qc3 Nac4 20.b3 Nxd2 21.Nxd2
Qe7 22.Rxh7 Rxh7 23.Rxh7 Qa3+ 24.Qb2 Qe7 1/2-1/2

[Event "8th EUR-ch (w)"]
[Site "Dresden GER"]
[Date "2007.04.07"]
[Round "5"]
[White "Srebrnic, Ana"]
[Black "Schulz, Stefanie"]
[Result "1-0"]
[WhiteElo "2262"]
[BlackElo "2117"]
[EventDate "2007.04.03"]
[PlyCount "75"]

1.Nf3 c5 2.c4 Nc6 3.d4 cxd4 4.Nxd4 f5 5.Nc3 g6 6.e3 Bg7 7.Be2 Nf6 8.h4 h6 
9.g4 fxg4 10.Bxg4 Ne5 11.Be2 d6 12.Rg1 h5 13.Qc2 Kf7 14.Bd2 Bh6 15.O-O-O 
Rg8 16.Ne4 Ned7 17.Ng5+ Bxg5 18.hxg5 Ne8 19.Bxh5 Nf8 20.Bf3 Nc7 21.Bc3 a6 
22.Nb3 Rb8 23.c5 Nb5 24.Ba5 Qe8 25.a4 Be6 26.axb5 Qxb5 27.Bd5 dxc5 28.Bc3 
b6 29.e4 a5 30.Nd2 a4 31.Nf3 Bxd5 32.Ne5+ Ke8 33.exd5 Rd8 34.Qd3 Qb3 35.
Nc6 Rd7 36.Qa6 Rxd5 37.Rxd5 Qxd5 38.Qa8+ 1-0

[Event "8th EUR-ch (w)"]
[Site "Dresden GER"]
[Date "2007.04.07"]
[Round "5"]
[White "Leite, Catarina"]
[Black "Nagel, Verena"]
[Result "1-0"]
[WhiteElo "2232"]
[BlackElo "2079"]
[EventDate "2007.04.03"]
[PlyCount "50"]

1.e4 d6 2.d4 g6 3.Nf3 Bg7 4.Bc4 c6 5.Bb3 Nf6 6.Nbd2 b5 7.O-O O-O 8.Re1 
Nbd7 9.Nf1 c5 10.c3 Qc7 11.e5 Nh5 12.e6 Nb6 13.exf7+ Kh8 14.Ng5 c4 15.Bc2 
Nf6 16.Qf3 d5 17.Bf4 Qd7 18.h3 a5 19.Qg3 Nh5 20.Qh4 Bf6 21.Be5 Kg7 22.Ng3 
Rxf7 23.Nxh5+ gxh5 24.Qxh5 e6 25.Nxf7 Qxf7 1-0

[Event "8th EUR-ch (w)"]
[Site "Dresden GER"]
[Date "2007.04.07"]
[Round "5"]
[White "Daulyte, Deimante"]
[Black "Coimbra, Margarida"]
[Result "1-0"]
[WhiteElo "2224"]
[BlackElo "2067"]
[EventDate "2007.04.03"]
[PlyCount "65"]

1.e4 e5 2.Nf3 Nc6 3.Bb5 a6 4.Ba4 Nf6 5.O-O b5 6.Bb3 Bc5 7.c3 d6 8.d4 Bb6 
9.Be3 Bb7 10.Nbd2 O-O 11.a4 exd4 12.cxd4 Nb4 13.Ng5 c5 14.e5 dxe5 15.dxe5 
Nfd5 16.Qh5 h6 17.Nde4 c4 18.e6 Nxe3 19.exf7+ Kh8 20.Ne6 Qd5 21.Qg6 Bd4 
22.fxe3 Qxe4 23.Qxe4 Bxe4 24.exd4 cxb3 25.axb5 Bd3 26.Nxf8 Rxf8 27.bxa6 
Bxf1 28.a7 Na6 29.Rxf1 Nc7 30.Rf3 g6 31.Rxb3 Kg7 32.Rb8 Rxf7 33.Rb7 1-0

[Event "8th EUR-ch (w)"]
[Site "Dresden GER"]
[Date "2007.04.07"]
[Round "5"]
[White "Shmirina, Galina"]
[Black "Ptacnikova, Lenka"]
[Result "0-1"]
[WhiteElo "2115"]
[BlackElo "2290"]
[EventDate "2007.04.03"]
[PlyCount "132"]

1.d4 Nf6 2.Nf3 e6 3.Bf4 c5 4.c3 Be7 5.e3 O-O 6.Nbd2 cxd4 7.exd4 b6 8.h3 d6
9.Be2 Ba6 10.O-O Bxe2 11.Qxe2 Nbd7 12.Nc4 Qc7 13.a4 a6 14.Ncd2 Qb7 15.Nc4 
Qc6 16.Na3 Qxa4 17.Nc2 Qb5 18.Qxb5 axb5 19.Nb4 Rfe8 20.Nc6 Kf8 21.Na7 Nd5 
22.Bg3 Nc7 23.Nd2 Nf6 24.f3 Nfd5 25.Rfe1 f5 26.Nc6 Rxa1 27.Rxa1 Ra8 28.
Rxa8+ Nxa8 29.Nb1 Nac7 30.Na3 Ke8 31.Nc2 Na6 32.Kf1 Kd7 33.Nxe7 Kxe7 34.
Ke2 g5 35.Kd3 Kd7 36.b3 Kc6 37.Bh2 h6 38.Bg3 Nac7 39.Bh2 Ne8 40.Kd2 Nef6 
41.c4 bxc4 42.bxc4 Ne7 43.Nb4+ Kd7 44.Kc3 f4 45.Bg1 Nf5 46.Bf2 Kc7 47.Nd3 
Nd7 48.Kb4 Kc6 49.Ka4 Ne7 50.Nb4+ Kb7 51.Kb5 Nf6 52.Nd3 Ne8 53.h4 Nc7+ 54.
Ka4 Nf5 55.hxg5 hxg5 56.Kb4 Kc6 57.Nc1 b5 58.Ne2 bxc4 59.Kxc4 Nd5 60.g3 
fxg3 61.Nxg3 Nh4 62.Ne4 Nxf3 63.Bg3 Ne3+ 64.Kd3 Nf5 65.Bf2 g4 66.Ng3 N3xd4
0-1

[Event "8th EUR-ch (w)"]
[Site "Dresden GER"]
[Date "2007.04.07"]
[Round "5"]
[White "Shmirina, Evgenija"]
[Black "Ohme, Melanie"]
[Result "1-0"]
[WhiteElo "2112"]
[BlackElo "2225"]
[EventDate "2007.04.03"]
[PlyCount "61"]

1.d4 Nf6 2.Bg5 e6 3.e3 h6 4.Bxf6 Qxf6 5.g3 d5 6.Bg2 c5 7.c3 Nc6 8.f4 Bd6 
9.Nf3 cxd4 10.cxd4 g5 11.O-O gxf4 12.exf4 h5 13.Nc3 h4 14.Nb5 Bb8 15.Nxh4 
a6 16.Nc3 Nxd4 17.f5 Rxh4 18.fxe6 Qe5 19.exf7+ Kf8 20.Re1 Qd6 21.Re8+ Kxf7
22.Rxc8 Ba7 23.Bxd5+ Ne6+ 24.Kh1 Rxc8 25.gxh4 Rg8 26.Qf3+ Ke7 27.Re1 Qb6 
28.Qd1 Qf2 29.Rxe6+ Kf8 30.Re1 Bb8 31.Qf3+ 1-0

[Event "8th EUR-ch (w)"]
[Site "Dresden GER"]
[Date "2007.04.07"]
[Round "5"]
[White "Atnilov, Bela"]
[Black "Sokalska, Viktorija"]
[Result "1-0"]
[WhiteElo "2164"]
[BlackElo "2045"]
[EventDate "2007.04.03"]
[PlyCount "107"]

1.e4 c6 2.d4 d5 3.exd5 cxd5 4.c4 Nf6 5.Nc3 Nc6 6.Nf3 g6 7.Bg5 Ne4 8.cxd5 
Nxc3 9.bxc3 Qxd5 10.Qb3 Qe4+ 11.Be3 Be6 12.Bc4 Bxc4 13.Qxc4 Bh6 14.O-O 
Bxe3 15.Rae1 Bxf2+ 16.Rxf2 Qg4 17.h3 Qd7 18.Ng5 Nd8 19.Nxf7 b5 20.Qxb5 
Qxb5 21.Nd6+ Kd7 22.Nxb5 a6 23.Na3 Rc8 24.Re3 e6 25.Nc2 a5 26.Ne1 Kd6 27.
Nf3 Rf8 28.Rfe2 h6 29.Ne5 g5 30.Ng4 h5 31.Nf2 Rg8 32.Ne4+ Ke7 33.Nc5 Rc6 
34.Re5 Rg6 35.Ne4 Rb6 36.Rxa5 Rb1+ 37.Kh2 g4 38.Rxh5 Nf7 39.hxg4 Rxg4 40.
Rh7 Kf8 41.Nf6 Rg7 42.Nd7+ Kg8 43.Rxg7+ Kxg7 44.Rxe6 Rb2 45.a4 Ng5 46.Re3 
Kh6 47.Ne5 Ra2 48.d5 Rxa4 49.d6 Ra8 50.d7 Rd8 51.c4 Kg7 52.Rg3 Kf6 53.Rxg5
Rh8+ 54.Kg3 1-0

[Event "8th EUR-ch (w)"]
[Site "Dresden GER"]
[Date "2007.04.07"]
[Round "5"]
[White "Khudaverdieva, Afag"]
[Black "Rolli, Corinne"]
[Result "1-0"]
[WhiteElo "2163"]
[BlackElo "2009"]
[EventDate "2007.04.03"]
[PlyCount "81"]

1.d4 d5 2.Nf3 Nf6 3.c4 e6 4.Nc3 Be7 5.Bg5 c6 6.cxd5 exd5 7.Qc2 O-O 8.e3 
Nbd7 9.Bd3 Re8 10.O-O Nf8 11.h3 g6 12.Rab1 Ne6 13.Bh6 Ng7 14.Bxg7 Kxg7 15.
b4 a6 16.a4 Be6 17.b5 a5 18.bxc6 bxc6 19.Ne2 Bb4 20.Nf4 Bd7 21.Ne5 Rc8 22.
Nxd7 Qxd7 23.Ba6 Rc7 24.Nd3 Bd6 25.Nc5 Qe7 26.Bd3 h5 27.Rfe1 Nh7 28.e4 
dxe4 29.Rxe4 Qf8 30.Rxe8 Qxe8 31.Ne4 Qd8 32.Nxd6 Qxd6 33.Qc3 Nf6 34.Qxa5 
c5 35.Rc1 c4 36.Rxc4 Re7 37.Qd2 Nd5 38.a5 Nf4 39.Bb1 g5 40.g3 Ne6 41.d5 
1-0

[Event "8th EUR-ch (w)"]
[Site "Dresden GER"]
[Date "2007.04.07"]
[Round "5"]
[White "Sokalskaya, Elena"]
[Black "Steil-Antoni, Fiona"]
[Result "0-1"]
[WhiteElo "2147"]
[BlackElo "2018"]
[EventDate "2007.04.03"]
[PlyCount "142"]

1.d4 d5 2.Nf3 Nf6 3.c4 e6 4.Nc3 Be7 5.Bg5 O-O 6.e3 h6 7.Bh4 Ne4 8.Bxe7 
Qxe7 9.Qb3 Nxc3 10.Qxc3 c6 11.b4 dxc4 12.Bxc4 Nd7 13.O-O b6 14.Be2 Bb7 15.
Qb2 Rfe8 16.Rac1 Rac8 17.Rfd1 Nf6 18.a3 Rc7 19.Ne5 Rec8 20.Bf3 Nd5 21.Nd3 
Nf6 22.a4 c5 23.bxc5 Bxf3 24.gxf3 bxc5 25.Rxc5 Rxc5 26.Nxc5 Nd5 27.f4 Qh4 
28.Rc1 Qg4+ 29.Kf1 Qh3+ 30.Ke2 Qh5+ 31.Kd3 Qxh2 32.Qe2 Qh3 33.Kd2 Qh4 34.
Rg1 Qd8 35.Qg4 g6 36.Ke2 Qb6 37.f5 Qb2+ 38.Kf3 exf5 39.Qxf5 Rc6 40.Qxd5 
Rf6+ 41.Ke4 Qxf2 42.Qe5 Qc2+ 43.Kd5 Rf5 44.Rg4 Rxe5+ 45.dxe5 Qd2+ 46.Rd4 
Qxe3 47.e6 fxe6+ 48.Nxe6 Qb3+ 49.Kd6 Qb6+ 50.Ke7 g5 51.Rd8+ Kh7 52.Nf8+ 
Kg7 53.Rd7 Qb4+ 54.Kd8+ Kg8 55.Ne6 Qxa4 56.Ke7 Qxd7+ 57.Kxd7 Kf7 58.Kd6 
Kf6 59.Kd5 g4 60.Nf4 Kf5 61.Ng2 g3 62.Kd4 h5 63.Ke3 Kg4 64.Ke2 h4 65.Kf1 
h3 66.Ne1 a5 67.Kg1 a4 68.Nc2 Kf4 69.Kh1 Kf3 70.Ne1+ Ke2 71.Nc2 Kf2 0-1

[Event "8th EUR-ch (w)"]
[Site "Dresden GER"]
[Date "2007.04.07"]
[Round "5"]
[White "Lauterbach, Ingrid"]
[Black "Ziemann, Nadine"]
[Result "1/2-1/2"]
[WhiteElo "2142"]
[BlackElo "1989"]
[EventDate "2007.04.03"]
[PlyCount "129"]

1.e4 c6 2.d3 d5 3.Nd2 e5 4.Ngf3 Bd6 5.Qe2 Nd7 6.g3 Ngf6 7.Bg2 O-O 8.O-O 
Re8 9.Re1 dxe4 10.dxe4 Qc7 11.Nc4 Be7 12.b3 b5 13.Ncd2 a5 14.c4 Ba6 15.Bb2
Bc5 16.Rac1 Qa7 17.Rf1 g6 18.Ne1 Nh5 19.Nd3 Bf8 20.Rc2 f6 21.Rfc1 b4 22.c5
Nxc5 23.Nc4 Nxd3 24.Qxd3 Rad8 25.Qf3 Bxc4 26.Rxc4 Rd2 27.R1c2 Rxc2 28.Rxc2
c5 29.Bc1 Be7 30.Bf1 Rd8 31.Bc4+ Kh8 32.Qe2 Ng7 33.Be3 Qb6 34.Rd2 Rxd2 35.
Qxd2 Qd6 36.Qc2 Ne6 37.a3 Nd4 38.a4 Qd7 39.Qd1 Kg7 40.Kg2 Bd8 41.h3 Bc7 
42.Qd2 Qd6 43.g4 Bd8 44.f3 Be7 45.Bd5 g5 46.Qd3 Bd8 47.Qc4 h6 48.Kf2 Bc7 
49.Qc1 Bd8 50.h4 Be7 51.h5 Qa6 52.Bc4 Qd6 53.Qd1 Bd8 54.Qd3 Be7 55.Bd5 Bd8
56.Qc4 Bc7 57.Bc1 Bd8 58.Bb2 Bc7 59.Bc1 Bd8 60.Be3 Bc7 61.Bf7 Qe7 62.Bg6 
Bb6 63.Qd5 Bc7 64.Qc4 Bd8 65.Bxd4 1/2-1/2

[Event "8th EUR-ch (w)"]
[Site "Dresden GER"]
[Date "2007.04.07"]
[Round "5"]
[White "Fuchs, Judith"]
[Black "Brunello, Roberta"]
[Result "1/2-1/2"]
[WhiteElo "2132"]
[BlackElo "1953"]
[EventDate "2007.04.03"]
[PlyCount "61"]

1.e4 e5 2.Nf3 Nc6 3.Bc4 Bc5 4.c3 Nf6 5.d3 d6 6.Bb3 a6 7.Nbd2 O-O 8.O-O Ba7
9.Nc4 Ne7 10.Bg5 Ng6 11.Nh4 Nf4 12.Bxf4 exf4 13.Nf3 d5 14.Nce5 dxe4 15.Ng5
Be6 16.Nxe6 fxe6 17.Bxe6+ Kh8 18.Nf7+ Rxf7 19.Bxf7 e3 20.d4 Qe7 21.Bc4 c5 
22.fxe3 Qxe3+ 23.Kh1 Ne4 24.Qe2 cxd4 25.Rf3 Qxe2 26.Bxe2 dxc3 27.bxc3 Nf2+
28.Rxf2 Bxf2 29.Bf3 Rb8 30.Rb1 b6 31.Bd5 1/2-1/2

[Event "8th EUR-ch (w)"]
[Site "Dresden GER"]
[Date "2007.04.07"]
[Round "5"]
[White "Apanaviciute, Kristina"]
[Black "Makka, Ioulia"]
[Result "0-1"]
[WhiteElo "2008"]
[BlackElo "2185"]
[EventDate "2007.04.03"]
[PlyCount "88"]

1.e4 e6 2.d4 d5 3.exd5 exd5 4.Bd3 Nc6 5.c3 Bd6 6.Nf3 Bg4 7.O-O Nge7 8.h3 
Bh5 9.Bg5 f6 10.Bh4 Bg6 11.Bg3 Bxg3 12.fxg3 Qd6 13.g4 O-O-O 14.Nh4 Rde8 
15.Na3 Be4 16.Nf5 Nxf5 17.gxf5 Qg3 18.Bxe4 Rxe4 19.Qf3 Qh4 20.Qf2 Qg5 21.
Rae1 Rhe8 22.Nc2 a6 23.Rxe4 Rxe4 24.b3 Ne7 25.a4 Qh5 26.Ne3 Kb8 27.Qf3 Qe8
28.Rd1 Ka7 29.c4 c6 30.c5 Ng8 31.Kf2 Nh6 32.Rd3 Qb8 33.g3 Qe8 34.b4 Nf7 
35.h4 b6 36.cxb6+ Kxb6 37.Qd1 Nd6 38.Qd2 Qe7 39.g4 Rxg4 40.Qc2 Ne4+ 41.Kf1
Rxh4 42.a5+ Kb7 43.Kg1 Qc7 44.Qg2 Rh5 0-1

[Event "8th EUR-ch (w)"]
[Site "Dresden GER"]
[Date "2007.04.07"]
[Round "5"]
[White "Richards, Heather"]
[Black "Wilson, Alexandra"]
[Result "0-1"]
[WhiteElo "2220"]
[BlackElo "2034"]
[EventDate "2007.04.03"]
[PlyCount "66"]

1.e4 e6 2.d4 d5 3.Nc3 Bb4 4.Qd3 dxe4 5.Qxe4 Nf6 6.Qh4 Bd7 7.Nf3 Nc6 8.a3 
Be7 9.Bd3 Nd5 10.Qg3 Bf6 11.Ne4 Nxd4 12.Nxd4 Bxd4 13.c3 Bf6 14.Nxf6+ Nxf6 
15.Qxg7 Rg8 16.Qh6 Bc6 17.Bxh7 Rxg2 18.Bc2 Qe7 19.Rf1 Ng4 20.Qh8+ Qf8 21.
Qh3 O-O-O 22.Bf4 Qc5 23.Rd1 Rxd1+ 24.Bxd1 Nxf2 25.Qh8+ Kd7 26.Be2 Ne4 27.
Be3 Rxe2+ 28.Kxe2 Bb5+ 29.Kd1 Qxe3 30.Rxf7+ Kc6 31.Qe8+ Kb6 32.Qxe6+ c6 
33.Qd7 Ba4+ 0-1

[Event "8th EUR-ch (w)"]
[Site "Dresden GER"]
[Date "2007.04.07"]
[Round "5"]
[White "Bakalarz, Grazyna"]
[Black "Katte, Isabel"]
[Result "0-1"]
[WhiteElo "2081"]
[BlackElo "1947"]
[EventDate "2007.04.03"]
[PlyCount "62"]

1.d4 Nf6 2.Nf3 e6 3.Bg5 c5 4.c3 b6 5.e3 Bb7 6.Nbd2 Be7 7.Bd3 Nc6 8.Qe2 
cxd4 9.exd4 Nd5 10.Bxe7 Ncxe7 11.g3 Qc7 12.O-O h6 13.Ne5 O-O 14.Rae1 Rae8 
15.c4 Nf6 16.f4 Nc6 17.Ndf3 d6 18.Nxc6 Qxc6 19.Qf2 Ng4 20.Qc2 Nf6 21.b4 a6
22.a4 Rc8 23.h3 Nh5 24.Kh2 Qd7 25.Qd1 Nf6 26.Rf2 Rcd8 27.Qb3 Rfe8 28.Nd2 
Bc8 29.Bf1 Bb7 30.Nf3 Ne4 31.Bg2 Nxf2 0-1

[Event "8th EUR-ch (w)"]
[Site "Dresden GER"]
[Date "2007.04.07"]
[Round "5"]
[White "Sautter, Elke"]
[Black "Hafenstein, Andrea"]
[Result "1-0"]
[WhiteElo "2046"]
[BlackElo "1945"]
[EventDate "2007.04.03"]
[PlyCount "107"]

1.e4 c5 2.Nc3 d6 3.f4 Nc6 4.Nf3 a6 5.d3 g6 6.g3 Bg7 7.Bg2 e6 8.O-O Nge7 9.
Ne2 O-O 10.c3 d5 11.Be3 b6 12.Bf2 Bb7 13.e5 Qc7 14.g4 Rad8 15.Qe1 Bc8 16.
Kh1 f5 17.h3 Na7 18.Be3 a5 19.Rd1 Nac6 20.a3 Rde8 21.Rg1 Nd8 22.Qh4 Nec6 
23.gxf5 exf5 24.Ng5 Bh8 25.Bxd5+ Be6 26.Nxe6 Nxe6 27.Ng3 Bg7 28.Nf1 Re7 
29.Nh2 Nd8 30.Nf3 Nf7 31.Qf2 Qd7 32.Ba2 Rd8 33.d4 cxd4 34.cxd4 Qa4 35.Rd3 
Nc5 36.Rdd1 Ne4 37.Qe2 Rc8 38.Ne1 Kf8 39.Bd5 Nd8 40.Rd3 Rec7 41.Bxe4 fxe4 
42.Rd2 Qb3 43.d5 Rf7 44.Ng2 Bh6 45.Qd1 Qb5 46.Qg4 Rc5 47.Qh4 Ke8 48.Qxh6 
Rf5 49.Qxh7 Kf8 50.Qxg6 Rf7 51.Nh4 Qe8 52.Qg8+ Ke7 53.Ng6+ Kd7 54.e6+ 1-0